Mandahasam / (Record no. 332153)
[ view plain ]
| 000 -LEADER | |
|---|---|
| fixed length control field | 00413cam a2200169ua 4500 |
| 020 ## - INTERNATIONAL STANDARD BOOK NUMBER | |
| Terms of availability | 1.00 |
| 041 ## - LANGUAGE CODE | |
| Language code of text/sound track or separate title | mal |
| Language code of original | |
| 082 ## - DEWEY DECIMAL CLASSIFICATION NUMBER | |
| Classification number | 894.812308 |
| Item number | PTL/MA |
| 100 ## - MAIN ENTRY--PERSONAL NAME | |
| Personal name | P T L, . |
| 245 ## - TITLE STATEMENT | |
| Title | Mandahasam / |
| Statement of responsibility, etc. | P T L. |
| Medium | Textual Documents |
| 260 ## - PUBLICATION, DISTRIBUTION, ETC. (IMPRINT) | |
| Place of publication, distribution, etc. | Thiruvananthapuram : |
| Name of publisher, distributor, etc. | B V Book Depot & Printing Works , |
| Date of publication, distribution, etc. | 1946. |
| 300 ## - PHYSICAL DESCRIPTION | |
| Extent | 85 ; . |
| 365 ## - TRADE PRICE | |
| Price type code | 1.00 |
| 504 ## - BIBLIOGRAPHY, ETC. NOTE | |
| Bibliography, etc | |
| 942 ## - ADDED ENTRY ELEMENTS (KOHA) | |
| Koha item type | Books (General) |
| Withdrawn status | Lost status | Damaged status | Not for loan | Home library | Current library | Date acquired | Total Checkouts | Full call number | Barcode | Date last seen | Price effective from | Koha item type |
|---|---|---|---|---|---|---|---|---|---|---|---|---|
| Kelappaji College of Agricultural Engineering & Technology Library, Tavanur | Kelappaji College of Agricultural Engineering & Technology Library, Tavanur | 07/04/2012 | 894.812308 | KAU_KCAEFT-1378 | 26/07/2019 | 07/04/2012 | Books (General) |
